| 000 | 00320nam a22001217a 4500 | ||
|---|---|---|---|
| 020 | _a047`715048 | ||
| 082 |
_222 _a005.11 |
||
| 100 | _aCarver, Richard H and Tai, Kuo Chung. | ||
| 245 | _aModern multitreading / | ||
| 260 |
_aUSA, _bJohn Wiley and Sons, _cc2006. |
||
| 300 |
_axiv, 465p. ; _bill. ; _c23 cm. |
||
| 942 |
_2ddc _cIT |
||
| 999 |
_c1852 _d1852 |
||